[Event "2nd Longtou Cup 2019"]
[Site "Qinhuangdao CHN"]
[Date "2019.04.24"]
[Round "8.17"]
[White "Hu, Yu A."]
[Black "Otgonjargal, Sengeravdan"]
[Result "1-0"]
[BlackTitle "WIM"]
[WhiteElo "2051"]
[BlackElo "2162"]
[WhiteFideId "8609993"]
[BlackFideId "4900790"]
[EventDate "2019.04.16"]

1. e4 e5 2. Nf3 Nc6 3. Bb5 a6 4. Ba4 Nf6 5. O-O Be7 6. Re1 b5 7. Bb3 d6 8. c3
O-O 9. h3 Na5 10. Bc2 c5 11. d4 Qc7 12. Nbd2 cxd4 13. cxd4 Nc6 14. Nb3 Nb4 15.
Bb1 a5 16. a3 Na6 17. Bg5 a4 18. Nbd2 h6 19. Bh4 Nh7 20. Bxe7 Qxe7 21. Qe2 Bd7
22. Bd3 Rfb8 23. Rac1 Nf8 24. Qe3 Ne6 25. Bf1 Nf4 26. Red1 Qf6 27. dxe5 dxe5 28.
Nb3 Bxh3 29. Na5 Bg4 30. Rc6 Ne6 31. Rdd6 Nac7 32. Rxc7 Rxa5 33. Qc3 Raa8 34.
Nxe5 Bh5 35. Rcc6 Qf4 36. Nd7 Re8 37. e5 Qg5 38. Qd2 Qf5 39. Qc2 Qg4 40. f3 Qg5
41. Qd2 Nf4 42. Rc3 Qg3 43. Bxb5 Rec8 44. Bc6 Ra5 45. Rd4 Nh3+ 46. Kf1 Ng5 47.
Qf4 Qxf4 48. Rxf4 Ne6 49. Rxa4 Rxa4 50. Bxa4 Rd8 51. Rb3 Bg6 52. Rb8 1-0

[Event "2nd Longtou Cup 2019"]
[Site "Qinhuangdao CHN"]
[Date "2019.04.24"]
[Round "8.20"]
[White "Chen, KaiLin"]
[Black "Bai, Xue"]
[Result "1-0"]
[WhiteElo "2073"]
[BlackElo "2103"]
[WhiteFideId "8620954"]
[BlackFideId "8608717"]
[EventDate "2019.04.16"]

1. e4 e5 2. Nf3 Nc6 3. Bb5 a6 4. Ba4 Nf6 5. O-O Be7 6. Re1 b5 7. Bb3 d6 8. c3
O-O 9. h3 Bb7 10. d4 Re8 11. Nbd2 exd4 12. cxd4 Nd7 13. Nf1 Na5 14. Bc2 Bf6 15.
b3 c5 16. Bb2 Nc6 17. Qd2 Rc8 18. Rad1 cxd4 19. Bb1 Re6 20. Nxd4 Nxd4 21. Bxd4
Bxd4 22. Qxd4 Qb6 23. Ne3 g6 24. f3 Qxd4 25. Rxd4 Nb6 26. Red1 Rd8 27. Kf2 Kf8
28. b4 Ke7 29. Bc2 Nc8 30. Bb3 Re5 31. Bd5 Bxd5 32. Nxd5+ Kf8 33. Rc1 Ne7 34. f4
Rxe4 35. Rxe4 Nxd5 36. Rc6 f5 37. Rd4 Nf6 38. Kf3 Ne4 39. Rc7 h5 40. g4 hxg4+
41. hxg4 Nf6 42. g5 Ne4 43. Rd1 1-0

[Event "2nd Longtou Cup 2019"]
[Site "Qinhuangdao CHN"]
[Date "2019.04.24"]
[Round "8.21"]
[White "Khvostikov, Sergey"]
[Black "Kirienko, Vladimir"]
[Result "1-0"]
[WhiteElo "2192"]
[BlackElo "2100"]
[WhiteFideId "4192583"]
[BlackFideId "54197457"]
[EventDate "2019.04.16"]

1. Nf3 d5 2. g3 Nf6 3. Bg2 c6 4. O-O Bf5 5. d3 e6 6. c4 Nbd7 7. b3 Be7 8. Bb2
O-O 9. Nbd2 h6 10. Rc1 a5 11. a3 Bh7 12. Qc2 Rc8 13. cxd5 exd5 14. Bh3 Ra8 15.
Nd4 Re8 16. Rfe1 Bf8 17. N2f3 Qb6 18. Nf5 Rad8 19. e4 g6 20. e5 gxf5 21. exf6 f4 1-0

[Event "2nd Longtou Cup 2019"]
[Site "Qinhuangdao CHN"]
[Date "2019.04.24"]
[Round "8.22"]
[White "Elgendy, Hesham"]
[Black "Mikhalev, Dmitry"]
[Result "1-0"]
[BlackTitle "FM"]
[WhiteElo "2049"]
[BlackElo "2360"]
[WhiteFideId "10600736"]
[BlackFideId "4183134"]
[EventDate "2019.04.16"]

1. d4 Nf6 2. Nf3 d6 3. c4 Nbd7 4. Bf4 g6 5. Nc3 Bg7 6. e4 O-O 7. Be2 c6 8. O-O
Nh5 9. Bg5 h6 10. Be3 e5 11. Qd2 Kh7 12. g4 Nhf6 13. g5 hxg5 14. Nxg5+ Kg8 15.
f4 Nh7 16. fxe5 dxe5 17. d5 Nxg5 18. Bxg5 Qe8 19. dxc6 bxc6 20. Qd6 a5 21. Be7
Rb8 22. b3 Ba6 23. Rad1 Nb6 24. Bxf8 Bxf8 25. Qf6 Bg7 26. Qd6 Bf8 27. Qf6 Bg7
28. Qh4 Nd7 29. Rd6 Bf8 30. Rd3 Bg7 31. Bg4 Nc5 32. Rd2 Ne6 33. Bxe6 Qxe6 34.
Rd8+ Rxd8 35. Qxd8+ Bf8 36. Qf6 Qd7 37. Rd1 Qg4+ 38. Kh1 Bc8 39. Rf1 Be6 40. Rg1
Qh3 41. Rg3 Qh5 42. Qg5 Qh8 43. Rd3 Qg7 44. Nd1 Bc5 45. Ne3 Bd4 46. Ng4 Bxg4 47.
Qxg4 Qf6 48. Rf3 Qe7 49. Qc8+ Kg7 50. Rh3 Kf6 51. Qxc6+ Kg5 52. Rg3+ Kh6 53. Qc8
Kg7 54. Rh3 Kf6 55. Qh8+ Ke6 56. Rf3 Qg5 57. Qe8+ Kd6 58. Qb8+ Ke6 59. Qc8+ Kd6
60. Qa6+ Ke7 61. Qb7+ Kd8 62. Qb8+ Kd7 63. Rxf7+ Ke6 64. Qe8+ Kd6 65. Qd7+ Kc5
66. Qb5+ 1-0

[Event "2nd Longtou Cup 2019"]
[Site "Qinhuangdao CHN"]
[Date "2019.04.25"]
[Round "9.2"]
[White "Wu, Wenjin"]
[Black "Lu, Shanglei"]
[Result "1/2-1/2"]
[WhiteTitle "GM"]
[BlackTitle "GM"]
[WhiteElo "2345"]
[BlackElo "2625"]
[WhiteFideId "8600716"]
[BlackFideId "8603332"]
[EventDate "2019.04.16"]

1. d4 Nf6 2. Nf3 e6 3. c4 d5 4. Nc3 c6 5. cxd5 exd5 6. Bg5 h6 7. Bf4 Bf5 8. e3
Qb6 9. Bd3 Qxb2 10. O-O Bc8 11. Rc1 Nbd7 12. e4 Bb4 13. exd5 O-O 14. dxc6 Bxc3
15. Rb1 Qxa2 16. cxb7 Bxb7 17. Rxb7 Nb6 18. Ne5 Qd5 19. Qf3 Bxd4 20. Nc6 Bc5 21.
Rc1 Rfe8 22. Bxh6 Qxf3 23. gxf3 gxh6 24. Rxc5 Re1+ 25. Kg2 Rc8 26. Be4 Kg7 27.
Rf5 Rxe4 28. Nxa7 Re6 29. Rxb6 Rxb6 30. Nxc8 Re6 31. f4 Rc6 32. Ne7 Rc2 33. Kf3
Rc3+ 34. Kg2 Rc2 35. Kf3 Rc3+ 36. Kg2 Rc2 1/2-1/2

[Event "2nd Longtou Cup 2019"]
[Site "Qinhuangdao CHN"]
[Date "2019.04.25"]
[Round "9.3"]
[White "Oleksiyenko, Mykhaylo"]
[Black "Zvjaginsev, Vadim"]
[Result "1/2-1/2"]
[WhiteTitle "GM"]
[BlackTitle "GM"]
[WhiteElo "2598"]
[BlackElo "2641"]
[WhiteFideId "4152417"]
[BlackFideId "4113403"]
[EventDate "2019.04.16"]

1. e4 e6 2. d4 d5 3. Nd2 c5 4. Ngf3 Nc6 5. exd5 exd5 6. Bb5 Qe7+ 7. Be2 Qc7 8.
O-O Nf6 9. Re1 cxd4 10. Nb3 Bb4 11. Bd2 Bxd2 12. Qxd2 O-O 13. Nfxd4 Bd7 14. Nxc6
bxc6 15. c4 Be6 16. Nd4 Ne4 17. Qe3 Qb6 18. Nxe6 fxe6 19. Bg4 Rfe8 20. Qxb6 axb6
21. cxd5 cxd5 22. f3 Nc5 23. b4 Nd3 24. Rxe6 Nxb4 25. Rxb6 Nc2 26. Rab1 Na3 27.
R1b3 Nc4 28. Re6 Kf8 29. Rxe8+ Rxe8 30. f4 Re1+ 31. Kf2 Ra1 32. Rb8+ Ke7 33. Ra8
Nd2 34. Ke2 Ne4 35. Ke3 Nc3 36. Ra7+ Kf8 37. a3 Nb5 38. Ra8+ Ke7 39. Bf5 d4+ 40.
Kf3 Re1 41. Bxh7 Re3+ 42. Kf2 Nc3 43. Bg6 Kd6 44. a4 Kc5 45. Re8 Nd1+ 46. Kf1
Ra3 47. Ke2 Ne3 48. g3 Rxa4 49. Rc8+ Kd6 50. Kf3 Ra2 51. Rd8+ Kc5 52. Ke4 Rxh2
53. Rxd4 Rg2 54. Rd7 Rxg3 55. Rxg7 Kd6 56. Ra7 Ng2 57. Bh5 Re3+ 58. Kf5 Nxf4 59.
Kxf4 Re1 60. Bf3 Kc5 61. Be4 Kd6 62. Ra6+ Ke7 63. Ke5 Re2 64. Ra7+ Ke8 65. Kd5
Kf8 66. Bf5 Re7 67. Ra6 Kf7 68. Be6+ Kf6 69. Rb6 Kg5 70. Ke5 Ra7 71. Rb1 Ra5+
72. Bd5 Kh5 73. Rg1 Rb5 74. Rg8 Ra5 75. Ke4 Kh6 76. Rg2 Rb5 77. Be6 Rg5 78. Rf2
Kg6 79. Rf8 Kg7 80. Ra8 Kf6 81. Bf5 Rg1 82. Ra6+ Ke7 83. Ke5 Re1+ 84. Be4 Ke8
85. Ra8+ Ke7 86. Ra7+ Ke8 87. Kf5 Kd8 88. Bd5 Re7 89. Ra8+ Kd7 90. Be6+ Kd6 91.
Rd8+ Kc5 92. Ke5 Rh7 93. Rc8+ Kb5 94. Kd6 Kb4 95. Rc4+ Kb5 96. Rc3 Rh4 97. Rg3
Rf4 98. Rh3 Rf6 99. Rb3+ Ka6 100. Kd5 Ka7 101. Bd7 Rb6 102. Rc3 Rh6 103. Bc6 Kb6
104. Rb3+ Kc7 105. Rb7+ Kd8 106. Rd7+ Kc8 107. Kc5 Rh2 108. Rf7 Kd8 109. Kb6
Rb2+ 110. Bb5 1/2-1/2

[Event "2nd Longtou Cup 2019"]
[Site "Qinhuangdao CHN"]
[Date "2019.04.25"]
[Round "9.4"]
[White "Yilmaz, Mustafa"]
[Black "Chen, Qi b"]
[Result "1-0"]
[WhiteTitle "GM"]
[WhiteElo "2631"]
[BlackElo "2424"]
[WhiteFideId "6302718"]
[BlackFideId "8614733"]
[EventDate "2019.04.16"]

1. d4 Nf6 2. c4 e6 3. Nf3 d5 4. Nc3 Nbd7 5. cxd5 exd5 6. Bg5 c6 7. Qc2 Be7 8. e3
Nh5 9. h4 Ndf6 10. Ne5 h6 11. Be2 Be6 12. O-O-O Qd6 13. g4 hxg5 14. hxg5 Nd7 15.
f4 Nxe5 16. dxe5 Qc5 17. Rd4 g6 18. gxh5 O-O-O 19. h6 Qa5 20. Bf1 c5 21. Ra4 Qb6
22. Qb3 Qxb3 23. axb3 d4 24. exd4 Bxb3 25. Ra3 c4 26. Rxb3 cxb3 27. d5 Bc5 28.
Kd2 Bb4 29. Bc4 Bxc3+ 30. Kxc3 1-0

[Event "2nd Longtou Cup 2019"]
[Site "Qinhuangdao CHN"]
[Date "2019.04.25"]
[Round "9.5"]
[White "Oparin, Grigoriy"]
[Black "Xu, Yinglun"]
[Result "1-0"]
[WhiteTitle "GM"]
[BlackTitle "GM"]
[WhiteElo "2624"]
[BlackElo "2532"]
[WhiteFideId "24125890"]
[BlackFideId "8604940"]
[EventDate "2019.04.16"]

1. Nf3 Nf6 2. g3 d5 3. Bg2 e6 4. c4 Be7 5. d4 O-O 6. Nc3 dxc4 7. Ne5 c5 8. dxc5
Qxd1+ 9. Nxd1 Bxc5 10. Nxc4 Nc6 11. Be3 Bb4+ 12. Nc3 Nd5 13. Bd2 Rd8 14. O-O-O
Kf8 15. Nxd5 exd5 16. Bxb4+ Nxb4 17. a3 Be6 18. axb4 Rac8 19. Rd4 Rxc4+ 20. Rxc4
dxc4 21. Rd1 Rc8 22. Bxb7 Rb8 23. Bd5 Ke7 24. Bxe6 Kxe6 25. Kc2 Rxb4 26. Ra1 Rb7
27. Ra5 Kd6 28. h4 g6 29. h5 Re7 30. e3 Rb7 31. g4 f6 32. hxg6 hxg6 33. g5 Ke7
34. gxf6+ Kxf6 35. Ra4 Kg5 36. Rxc4 Rf7 37. f4+ Kg4 38. Rc6 Kf3 39. Re6 a5 40.
Kb3 Rb7+ 41. Ka3 Rb8 42. b3 Ke2 43. Rxg6 Kxe3 44. Rg5 Kxf4 45. Rxa5 Ke4 46. b4
Kd4 47. Rc5 Ra8+ 48. Kb3 Rb8 49. Rh5 Rc8 50. b5 Rc5 51. Rh4+ Kd5 52. Kb4 Rc1 53.
Rh6 Ra1 54. b6 1-0

[Event "2nd Longtou Cup 2019"]
[Site "Qinhuangdao CHN"]
[Date "2019.04.25"]
[Round "9.6"]
[White "Zhao, Chenxi"]
[Black "Antipov, Mikhail Al."]
[Result "1/2-1/2"]
[BlackTitle "GM"]
[WhiteElo "2367"]
[BlackElo "2605"]
[WhiteFideId "8611513"]
[BlackFideId "4107012"]
[EventDate "2019.04.16"]

1. e4 e6 2. d4 d5 3. Nd2 c5 4. exd5 Qxd5 5. Ngf3 cxd4 6. Bc4 Qd7 7. O-O Nc6 8.
Nb3 a6 9. Nbxd4 Nf6 10. a4 Nxd4 11. Qxd4 Qxd4 12. Nxd4 Bd7 13. Re1 Bc5 14. Nb3
Bd6 15. c3 O-O-O 16. h3 Kb8 17. Be3 Rc8 18. Be2 Nd5 19. Red1 Rhd8 20. Bd4 f6 21.
Bf3 Bc6 22. Bc5 Be5 23. Nd4 Bxd4 24. Rxd4 e5 25. Rdd1 Nf4 26. Bxc6 Rxd1+ 27.
Rxd1 Rxc6 28. Be3 Kc7 29. Bxf4 exf4 30. Rd4 g5 31. Kf1 Rb6 32. Rc4+ Kd7 33. b4
Re6 34. Rd4+ Ke8 35. Rc4 Re7 36. Rd4 Kf7 37. Rd6 Kg6 38. Rb6 h5 39. f3 Rc7 40.
c4 Rxc4 41. Rxb7 Rc1+ 42. Kf2 Rc2+ 43. Kf1 Rb2 44. Rb6 Kf5 45. b5 Rb1+ 46. Kf2
Rb2+ 47. Kf1 Rb1+ 48. Kf2 Rb2+ 1/2-1/2

[Event "2nd Longtou Cup 2019"]
[Site "Qinhuangdao CHN"]
[Date "2019.04.25"]
[Round "9.7"]
[White "Can, Emre"]
[Black "Peng, Xiongjian"]
[Result "1-0"]
[WhiteTitle "GM"]
[WhiteElo "2599"]
[BlackElo "2459"]
[WhiteFideId "6302181"]
[BlackFideId "8610550"]
[EventDate "2019.04.16"]

1. d4 d5 2. c4 c6 3. Nf3 Nf6 4. Nc3 dxc4 5. a4 Bf5 6. e3 e6 7. Bxc4 Bb4 8. O-O
O-O 9. Nh4 Nbd7 10. Nxf5 exf5 11. Qc2 g6 12. f3 Rc8 13. Kh1 c5 14. Ba2 Nh5 15.
Qf2 Ndf6 16. Bd2 Re8 17. Rad1 cxd4 18. exd4 f4 19. Rfe1 Qb6 20. Nb5 Bf8 21. Bc1
Red8 22. Qe2 Qa5 23. Bb3 a6 24. Nc3 Re8 25. Qd3 Qg5 26. Ne4 Qh4 27. Bd2 Red8 28.
Rc1 Rxc1 29. Nxf6+ Qxf6 30. Rxc1 Rxd4 31. Qe2 Rd7 32. Rc8 Re7 33. Qd3 Qxb2 34.
g4 fxg3 35. Qd8 Re1+ 36. Kg2 Re2+ 37. Kh3 Rxh2+ 38. Kg4 Qa3 39. Bh6 Qb4+ 40. f4
Ng7 41. Qf6 Rh4+ 42. Kxh4 Nf5+ 43. Qxf5 gxf5 44. Bd5 b6 45. Rxf8+ Qxf8 46. Bxf8
Kxf8 47. Kxg3 Ke7 48. Bb7 b5 49. a5 b4 50. Bxa6 Kd6 51. Bd3 Kc5 52. a6 Kb6 53.
Kh4 f6 54. Kh5 1-0

[Event "2nd Longtou Cup 2019"]
[Site "Qinhuangdao CHN"]
[Date "2019.04.25"]
[Round "9.8"]
[White "Fang, Yuxiang"]
[Black "Zhang, Ziji"]
[Result "1-0"]
[WhiteTitle "GM"]
[WhiteElo "2472"]
[BlackElo "2414"]
[WhiteFideId "8605840"]
[BlackFideId "8609470"]
[EventDate "2019.04.16"]

1. c4 e6 2. Nf3 Nf6 3. g3 d5 4. Bg2 d4 5. e3 c5 6. O-O Nc6 7. exd4 cxd4 8. d3
Bd6 9. Na3 O-O 10. Nc2 e5 11. b4 Re8 12. b5 Nb8 13. Nh4 Nbd7 14. f4 Nc5 15. fxe5
Bxe5 16. Nf3 Bf5 17. Nxe5 Rxe5 18. Bf4 Re8 19. Nb4 Qd7 20. Bg5 Ng4 21. Qf3 Bg6
22. Qd5 Qxd5 23. Bxd5 h6 24. Bf4 Nf6 25. Bd6 Nxd3 26. Bxb7 Rad8 27. Rad1 Nxb4
28. Bxb4 d3 29. c5 Re2 30. c6 Nd5 31. Ba5 Rde8 32. c7 Nxc7 33. Bxc7 R8e7 34. Bf3
Rxc7 35. Bxe2 dxe2 36. Rd8+ Kh7 37. Re1 Rc2 38. Kf2 Rxa2 39. Rxe2 Ra3 40. Rb2
Bf5 41. Rd6 Bd3 42. Rd4 Bf5 43. Ke1 Rc3 44. Kd2 Rc7 45. Ra4 Bd7 46. Kd3 Rc5 47.
Rab4 h5 48. Kd4 Rg5 49. Kc3 Rc5+ 50. Kd4 Rg5 51. Kc4 Be6+ 52. Kc3 Bd7 53. Rb1
Kg6 54. R4b2 Rf5 55. Kc4 Re5 56. Ra1 Bh3 57. Kb4 Re7 58. Ka5 Rb7 59. Rc1 Bd7 60.
Rc5 Be8 61. Ka6 Re7 62. Rc8 Kg5 63. Ra8 Kg4 64. Rxa7 Rxa7+ 65. Kxa7 g5 66. b6
Bc6 67. Rc2 Bh1 68. b7 Bxb7 69. Kxb7 f5 70. Kc6 f4 71. gxf4 Kxf4 72. Kd5 g4 73.
Ke6 h4 74. Rc4+ Kf3 75. Kf5 g3 76. Rxh4 1-0

[Event "2nd Longtou Cup 2019"]
[Site "Qinhuangdao CHN"]
[Date "2019.04.25"]
[Round "9.9"]
[White "Zou, Chen"]
[Black "Dai, Changren"]
[Result "1/2-1/2"]
[WhiteTitle "FM"]
[BlackTitle "IM"]
[WhiteElo "2397"]
[BlackElo "2472"]
[WhiteFideId "8610959"]
[BlackFideId "8608156"]
[EventDate "2019.04.16"]

1. e4 e5 2. Nf3 Nc6 3. Bb5 a6 4. Ba4 Nf6 5. O-O Be7 6. Re1 b5 7. Bb3 O-O 8. a4
b4 9. a5 d6 10. d3 Be6 11. Bxe6 fxe6 12. Nbd2 Rb8 13. Nb3 Qc8 14. h3 Nd8 15. Be3
c5 16. Nbd2 Nc6 17. c3 Rb5 18. d4 bxc3 19. bxc3 exd4 20. cxd4 Nxa5 21. dxc5 dxc5
22. Qa4 Nd7 23. Rec1 Qb7 24. Qa2 Qb6 25. e5 Ra8 26. Rc3 Nf8 27. Qc2 Nc6 28. Nc4
Qb7 29. Qe4 Na5 30. Qxb7 Nxb7 31. Rca3 a5 32. Nfd2 Nd7 33. Rd3 Rd8 34. Ne4 Rb4
35. Ned2 Nb8 36. Rxd8+ Bxd8 37. Kf1 Bc7 38. Ke2 Nc6 39. f4 Ne7 40. Kd3 Nd5 41.
Ra3 Kf7 42. g3 Ke7 43. Bf2 Kd7 44. Ne4 Rb5 45. Be1 h6 46. Bd2 Kc6 47. g4 g6 48.
Kc2 Nb4+ 49. Kc3 Nd5+ 50. Kc2 Nb6 51. Nxa5+ Nxa5 52. Rxa5 Rxa5 53. Bxa5 Nd5 54.
Bd2 c4 55. h4 Bb6 56. Nf6 Bd8 57. h5 Bxf6 58. exf6 Nxf6 59. hxg6 Nxg4 60. Be1
Nf6 61. Bh4 Nh5 62. Be7 Kd5 63. Bf8 Ke4 64. Bxh6 1/2-1/2

[Event "2nd Longtou Cup 2019"]
[Site "Qinhuangdao CHN"]
[Date "2019.04.25"]
[Round "9.10"]
[White "Peng, Hongchi"]
[Black "Karthik, Venkataraman"]
[Result "1/2-1/2"]
[BlackTitle "GM"]
[WhiteElo "2347"]
[BlackElo "2505"]
[WhiteFideId "8609047"]
[BlackFideId "25006479"]
[EventDate "2019.04.16"]

1. e4 g6 2. d4 Bg7 3. Nc3 d6 4. f4 Nf6 5. Nf3 O-O 6. Bd3 Nc6 7. e5 dxe5 8. dxe5
Nd5 9. Nxd5 Qxd5 10. Qe2 Bg4 11. Be4 Qa5+ 12. Bd2 Qb6 13. O-O-O Nd4 14. Qe1 Nxf3
15. gxf3 Be6 16. h4 f5 17. exf6 Bxf6 18. Bc3 Rad8 19. Rxd8 Rxd8 20. Bxf6 exf6
21. h5 f5 22. Bd3 Qd6 23. hxg6 hxg6 24. Qh4 Kf7 25. Qg5 Rg8 26. Rh7+ Rg7 27. Rh8
Qd4 28. b3 a5 29. Kd2 Qf2+ 30. Kc3 Qc5+ 31. Kd2 Qf2+ 32. Kc3 Qc5+ 33. Kd2 Qd4 1/2-1/2

[Event "2nd Longtou Cup 2019"]
[Site "Qinhuangdao CHN"]
[Date "2019.04.25"]
[Round "9.11"]
[White "Li, Guohao"]
[Black "Chu, Wei Chao"]
[Result "0-1"]
[BlackTitle "IM"]
[WhiteElo "2098"]
[BlackElo "2387"]
[WhiteFideId "8619999"]
[BlackFideId "8605661"]
[EventDate "2019.04.16"]

1. d4 Nf6 2. c4 g6 3. Nf3 Bg7 4. g3 O-O 5. Bg2 d6 6. O-O Nc6 7. Nc3 a6 8. h3 Rb8
9. e4 b5 10. d5 Na5 11. cxb5 axb5 12. b4 Nc4 13. Nd4 Bd7 14. a4 bxa4 15. b5 Nb6
16. Qd3 Qc8 17. Be3 Ra8 18. Nc6 Re8 19. Bxb6 cxb6 20. Nxa4 Qb7 21. Nc3 Bc8 22.
e5 Nd7 23. e6 Nc5 24. exf7+ Kxf7 25. Qf3+ Bf6 26. Rxa8 Qxa8 27. Ne4 Nxe4 28.
Qxe4 Qa3 29. Qe3 Qc5 30. Qxc5 dxc5 31. Rd1 Bf5 32. d6 exd6 33. Rxd6 Re1+ 34. Kh2
Re2 35. Kg1 Re1+ 36. Kh2 Kg7 37. g4 Be6 38. Bd5 Bxd5 39. Rxd5 c4 40. g5 Bb2 41.
Rd7+ Kf8 42. Rd8+ Re8 43. Rd2 c3 44. Rc2 Kf7 45. Kg3 Re1 46. Nb4 Re5 47. Na2
Rxb5 48. Nxc3 Rb3 0-1

[Event "2nd Longtou Cup 2019"]
[Site "Qinhuangdao CHN"]
[Date "2019.04.25"]
[Round "9.12"]
[White "Liu, Zexu"]
[Black "Huang, Renjie"]
[Result "0-1"]
[WhiteElo "2098"]
[BlackElo "2338"]
[WhiteFideId "8605963"]
[BlackFideId "8610134"]
[EventDate "2019.04.16"]

1. d4 Nf6 2. c4 b6 3. Nc3 Bb7 4. Qc2 d5 5. cxd5 Nxd5 6. e4 Nxc3 7. bxc3 e6 8.
Nf3 Nd7 9. Bd3 c5 10. O-O Be7 11. Bf4 O-O 12. Rad1 cxd4 13. cxd4 Rc8 14. Qb1 Nf6
15. d5 exd5 16. e5 Nh5 17. Bxh7+ Kh8 18. Be3 g6 19. Bxg6 fxg6 20. Qxg6 Qe8 21.
Qh6+ Kg8 22. Rd4 Rc4 23. Rc1 Rxc1+ 24. Bxc1 Bc8 25. e6 Ng7 26. Rg4 Bf6 27. Ng5
Qh5 28. Qxh5 Nxh5 29. Ne4+ Bg7 30. Ng5 Re8 31. Kf1 Bxe6 32. Nxe6 Rxe6 33. Rg5
Nf6 34. Bb2 Kf7 35. h4 a5 36. g4 Rc6 37. Rf5 Kg6 38. Be5 Ne8 39. h5+ Kh7 40. Rf7
Re6 41. Bg3 Nf6 42. f3 d4 43. Bf4 Kg8 44. Rb7 Nxg4 45. fxg4 Rf6 46. Ke2 Rxf4 47.
g5 Re4+ 48. Kf3 Re6 49. h6 Bh8 50. Rd7 Be5 51. Ke4 Rd6 52. Re7 d3 53. Kxe5 d2
54. Kxd6 d1=Q+ 55. Ke5 Qe2+ 56. Kf6 Qf3+ 57. Kg6 Qd3+ 58. Kf6 Qd6+ 59. Re6 Qf4+
60. Ke7 Qxg5+ 61. Kd7 Qd5+ 0-1

[Event "2nd Longtou Cup 2019"]
[Site "Qinhuangdao CHN"]
[Date "2019.04.25"]
[Round "9.13"]
[White "Li, Yunshan"]
[Black "Buynitskiy, Daniil"]
[Result "1-0"]
[WhiteTitle "WFM"]
[WhiteElo "2191"]
[BlackElo "2095"]
[WhiteFideId "8607664"]
[BlackFideId "24207721"]
[EventDate "2019.04.16"]

1. d4 Nf6 2. c4 e5 3. dxe5 Ng4 4. e3 Nxe5 5. f4 Ng6 6. Nf3 Bc5 7. g3 Qe7 8. Kf2
O-O 9. Nc3 Re8 10. Nd5 Qd8 11. Bd3 c6 12. Nc3 d6 13. h4 Nf8 14. Ne4 Nbd7 15. Bc2
Nf6 16. Nxc5 dxc5 17. Qxd8 Rxd8 18. b3 Bg4 19. Bb2 N8d7 20. e4 Bh5 21. Rhe1 Ng4+
22. Kg2 f6 23. Rad1 Nf8 24. e5 fxe5 25. fxe5 Rxd1 26. Bxd1 Rd8 27. Bc2 Nh2 28.
Kxh2 Bxf3 29. Bc3 Bg4 30. b4 cxb4 31. Bxb4 c5 32. Bc3 Be6 33. Be4 Bxc4 34. Bxb7
Ne6 35. Be4 Bd3 36. Bg2 Kf7 37. Re3 Bg6 38. Ba5 Rd3 39. Re2 Ke7 40. Rb2 Nd4 41.
Rb7+ Ke6 42. Rxa7 Kxe5 43. Rxg7 Nf3+ 44. Bxf3 Rxf3 45. g4 Rf2+ 46. Kg3 Rxa2 47.
Bc3+ Kd5 48. Kf4 Kc4 49. Be5 Ra6 50. h5 Bd3 51. g5 Kb3 52. g6 hxg6 53. h6 g5+
54. Kxg5 c4 55. Rb7+ Kc2 56. h7 Bxh7 57. Rxh7 Rc6 58. Rh2+ Kd3 59. Rh3+ Kd2 60.
Bc3+ Kc2 61. Kf4 Rd6 62. Be5 Rd3 63. Rh2+ Rd2 64. Rh1 Kd3 65. Rh3+ Ke2 66. Rc3
Ra2 67. Rxc4 Kd3 68. Rc3+ Kd2 69. Ke4 Ra8 70. Rh3 Kc2 71. Rh2+ Kb3 72. Kd3 Ra2
73. Rh8 1-0

[Event "2nd Longtou Cup 2019"]
[Site "Qinhuangdao CHN"]
[Date "2019.04.25"]
[Round "9.14"]
[White "Li, Haoyu B."]
[Black "Ma, Lin"]
[Result "1/2-1/2"]
[WhiteElo "2095"]
[BlackElo "2167"]
[WhiteFideId "8610169"]
[BlackFideId "8610533"]
[EventDate "2019.04.16"]

1. e4 e5 2. Nf3 Nf6 3. d4 Nxe4 4. Bd3 d5 5. Nxe5 Nd7 6. Nxf7 Kxf7 7. Qh5+ Ke6 8.
Qg4+ Kf7 9. Qh5+ Ke7 10. Qe2 Kf7 11. Qh5+ 1/2-1/2

[Event "2nd Longtou Cup 2019"]
[Site "Qinhuangdao CHN"]
[Date "2019.04.25"]
[Round "9.15"]
[White "Zhang, Xiao"]
[Black "Hu, Yu A."]
[Result "1-0"]
[WhiteElo "2141"]
[BlackElo "2051"]
[WhiteFideId "8610894"]
[BlackFideId "8609993"]
[EventDate "2019.04.16"]

1. d4 Nf6 2. c4 e6 3. Nf3 d5 4. Nc3 Nbd7 5. e3 c6 6. Bd3 dxc4 7. Bxc4 b5 8. Bd3
Bb7 9. O-O a6 10. Qe2 Qc7 11. e4 c5 12. Bg5 b4 13. Na4 cxd4 14. Nxd4 Qa5 15.
Bxf6 Nxf6 16. b3 Bd6 17. Nf3 Qh5 18. Rfe1 Nd7 19. Rad1 Ne5 20. Nxe5 Qxe5 21. g3
Qa5 22. Nb2 Be7 23. Bc4 Bc6 24. Qg4 O-O 25. Bxe6 Qe5 26. Bd5 Qxb2 27. Bxc6 Rad8
28. Bd5 Qxa2 29. Ra1 Qd2 30. Red1 Qh6 31. Qe2 Rd6 32. Qc4 Rb6 33. Qc7 Re8 34.
Rac1 Rf6 35. Qxe7 1-0

[Event "2nd Longtou Cup 2019"]
[Site "Qinhuangdao CHN"]
[Date "2019.04.25"]
[Round "9.16"]
[White "Nie, Xinyang"]
[Black "Tuvsanaa, Nyamaa"]
[Result "1-0"]
[BlackTitle "FM"]
[WhiteElo "2346"]
[BlackElo "2212"]
[WhiteFideId "8607222"]
[BlackFideId "4900413"]
[EventDate "2019.04.16"]

1. d4 d5 2. c4 c6 3. Nc3 Nf6 4. cxd5 cxd5 5. Nf3 Nc6 6. Bf4 a6 7. e3 Bg4 8. Bd3
e6 9. h3 Bxf3 10. Qxf3 Bd6 11. Bg5 b5 12. Rc1 Rc8 13. O-O h6 14. Bh4 O-O 15. a4
b4 16. Bxa6 bxc3 17. Bxc8 Qxc8 18. Bxf6 gxf6 19. Rxc3 Qd7 20. Qxf6 Kh7 21. Qf3
Na5 22. e4 Bb4 23. Rd3 dxe4 24. Qxe4+ f5 25. Qe2 Nc6 26. Rc1 Ne7 27. Rb3 Nd5 28.
Qa6 Rg8 29. g3 Rg6 30. Rc4 Qe7 31. Rc8 Qg7 32. Qd3 Qb7 33. Qc4 Rg7 34. Qc6 Qxc6
35. Rxc6 Re7 36. Rc4 Bd2 37. Rb5 Kg7 38. Kf1 Ra7 39. Ke2 Bg5 40. a5 Bd8 41. b4
Be7 42. Kd3 Kf7 43. Kc2 Nxb4+ 44. Rcxb4 Bxb4 45. Rxb4 Rxa5 46. Kd3 Ra3+ 47. Ke2
Kg7 48. Rb7+ Kg6 49. Rc7 Rb3 50. d5 Rb2+ 51. Ke3 Rb3+ 52. Kd4 Rb4+ 53. Rc4 e5+
54. Kc5 Rb2 55. f4 e4 56. Kd4 Rd2+ 57. Ke5 e3 58. h4 h5 59. Rc3 e2 60. Re3 Kf7
61. d6 Kg7 62. Kxf5 Rxd6 63. Rxe2 Rd5+ 64. Ke4 Ra5 65. Kf3 Kf6 66. Rb2 Kf5 67.
Rb8 Ra3+ 68. Kg2 Kg6 69. Rg8+ Kh6 70. Rh8+ Kg6 71. f5+ Kxf5 72. Rxh5+ Kg6 73.
Rb5 Ra2+ 74. Kh3 Ra8 75. h5+ Kh6 76. Kh4 Ra4+ 77. g4 Kg7 78. Rb7+ Kg8 79. Kg5
Ra8 80. Rb6 Rc8 81. Kf5 Rd8 82. g5 Rc8 83. g6 Rd8 84. h6 Rc8 85. Rd6 Rb8 86. Ke6
Kh8 87. Rd7 Kg8 88. Ke7 Kh8 89. Rd8+ Rxd8 90. Kxd8 Kg8 91. Ke7 Kh8 92. Kf6 Kg8
93. g7 1-0

[Event "2nd Longtou Cup 2019"]
[Site "Qinhuangdao CHN"]
[Date "2019.04.25"]
[Round "9.17"]
[White "Gu, Tianlu"]
[Black "Chen, KaiLin"]
[Result "1/2-1/2"]
[WhiteTitle "WIM"]
[WhiteElo "2201"]
[BlackElo "2073"]
[WhiteFideId "8603995"]
[BlackFideId "8620954"]
[EventDate "2019.04.16"]

1. Nf3 Nf6 2. c4 e6 3. e3 d5 4. b3 Be7 5. Bb2 O-O 6. g3 b6 7. Bg2 Bb7 8. O-O c5
9. Ne5 Nbd7 10. f4 Qc7 11. Qe2 Rac8 12. Nc3 dxc4 13. Nxc4 Bxg2 14. Qxg2 Qc6 15.
Qxc6 Rxc6 16. a4 Nd5 17. Ne2 Nb4 18. d4 Nf6 19. Rfd1 Rcc8 20. Rac1 Na2 21. Ra1
Nb4 22. Rac1 Na2 23. Rb1 Rfd8 24. Ba3 Nd5 25. Rb2 Nac3 26. Nxc3 Nxc3 27. Rc1 Nd5
28. dxc5 Bxc5 29. Bxc5 Rxc5 30. Rd2 Rb8 31. e4 Ne3 32. Rd7 Nxc4 33. Rxc4 Rxc4
34. bxc4 g6 35. Rxa7 Rc8 1/2-1/2